00478 2200193 4500001002100000005001500021035002000036007000300056008004100059020002200100082000800122084001400130100001400144245002300158250001100181260004600192300002900238650001700267INLIS00000000000150320230110072109 a0010-0123000001ta230110 d f ind  a978-623-99878-7-9 a813 a813 TER h0 aTere Liye1 aHujan /cTere Liye acet. 6 aJakarta :bPT Sabak Grip Nusantara,c2022 a318 hlm. ;c13.5 x 20 cm aNovel Remaja